Estadísticas para Equipos de la Premier League Inglesa

Haz click aquí para intentar la prueba.

Estadísticas generales

  • Esta prueba ha sido intentada 1.534 veces
    (729 desde el último reinicio)
  • La puntuación promedio es 26 de 51

Estadísticas de respuestas

Equipo% Correcto
Manchester City
99%
Manchester United
98%
Arsenal
95%
Chelsea
93%
Liverpool
93%
Tottenham Hotspur
89%
Aston Villa
88%
Newcastle United
81%
Wolverhampton Wanderers
81%
West Ham United
80%
Everton
77%
Leicester City
76%
Brighton & Hove Albion
75%
Fulham
68%
Leeds United
68%
Burnley
67%
Crystal Palace
66%
Luton Town
66%
Nottingham Forest
64%
Brentford
60%
Southampton
59%
Sheffield United
57%
Bournemouth
56%
Sunderland
53%
Norwich City
52%
Blackburn Rovers
49%
Swansea City
47%
Birmingham City
45%
Watford
45%
Cardiff City
44%
Hull City
43%
Queens Park Rangers
42%
Stoke City
38%
Derby County
32%
Bolton Wanderers
31%
West Bromwich Albion
30%
Ipswich Town
29%
Middlesbrough
28%
Sheffield Wednesday
28%
Huddersfield
27%
Coventry City
26%
Portsmouth
26%
Wigan Athletic
26%
Blackpool
24%
Reading
20%
Wimbledon
17%
Charlton Athletic
15%
Barnsley
14%
Bradford City
11%
Oldham Athletic
9%
Swindon Town
8%

Distribución de puntuación

Porcentaje por número respondido

Porcentaje de gente con cada puntuación

Historial de tus puntuaciones

No has intentado esta prueba desde el último reinicio